书目信息 |
| 题名: |
集成电路导论
|
|
| 作者: | 杨之廉 主编 | |
| 分册: | ||
| 出版信息: | 北京 清华大学出版社 2003.03 |
|
| 页数: | 194页 | |
| 开本: | 26cm | |
| 丛书名: | ||
| 单 册: | ||
| 中图分类: | TN4 | |
| 科图分类: | ||
| 主题词: | 微电子技术 , 集成电路 | |
| 电子资源: | ||
| ISBN: | 7-302-06262-5 | |
| 000 | 00563nam0 2200205 45 | |
| 001 | 0430673111 | |
| 005 | 2004042908311292 | |
| 010 | @a7-302-06262-5@dCNY 18.00 | |
| 100 | @a20040429d2003 km y0chiy0120 ea | |
| 101 | 0 | @achi |
| 102 | @aCN@b110000 | |
| 200 | 1 | @a集成电路导论@AJi Cheng Dian Lu Dao Lun@f杨之廉主编@FYang Zhi Lian Zhu Bian |
| 210 | @a北京@c清华大学出版社@d2003.03 | |
| 215 | @a194页@d26cm | |
| 606 | 0 | @a微电子技术 |
| 606 | 0 | @a集成电路 |
| 690 | @aTN4@v3 | |
| 701 | 0 | @a杨之廉@AYang Zhi Lian@4主编 |
| 801 | 0 | @aCN@bPFT@c20040429 |
| 905 | @dTN4@eY333 | |
| 集成电路导论/杨之廉主编.-北京:清华大学出版社,2003.03 |
| 194页;26cm |
| ISBN 7-302-06262-5:CNY 18.00 |
| ● |
| 相关链接 |
|
|
|
正题名:集成电路导论
索取号:TN4/Y333
 
预约/预借
| 序号 | 登录号 | 条形码 | 馆藏地/架位号 | 状态 | 备注 |
| 1 | 381916 | 203819163 | 自科库301/301自科库 26排3列2层/ [索取号:TN4/Y333] | 在馆 | |
| 2 | 381917 | 203819172 | 自科库301/301自科库 26排3列2层/ [索取号:TN4/Y333] | 在馆 | |
| 3 | 381918 | 203819181 | 自科二线404/404自科库 17排2列6层/ [索取号:TN4/Y333] | 在馆 |